000 00216 a2200097 4500
245 _aFox in the attic
_hText
100 _aRichard Hughes
650 _aliterature
005 20191017173350.0
260 _bHarper & Row
_c1961
084 _aP23.8735F6
999 _c10160
_d10160